Előszó
Elmentve itt :
| Szerző: | |
|---|---|
| Testületi szerző: | |
| Dokumentumtípus: | Könyv része |
| Megjelent: |
2018
|
| Sorozat: | Közép-európai Monográfiák
21 Magyarok a Kárpát-medencében 3. : migráció 21 |
| Kulcsszavak: | Magyarország története - 19-20. sz. - előszó, Magyarságkutatás - előszó, Regionális politika - Európai Unió - előszó |
| Tárgyszavak: | |
| Online Access: | http://acta.bibl.u-szeged.hu/73219 |
| LEADER | 01050naa a2200265 i 4500 | ||
|---|---|---|---|
| 001 | acta73219 | ||
| 005 | 20220106135509.0 | ||
| 008 | 210816s2018 hu o 0|| hun d | ||
| 020 | |a 978-615-80462-6-8 | ||
| 022 | |a 2062-3712 | ||
| 040 | |a SZTE Egyetemi Kiadványok Repozitórium |b hun | ||
| 041 | |a hun | ||
| 100 | 1 | |a Gulyás László | |
| 245 | 1 | 0 | |a Előszó |h [elektronikus dokumentum] / |c Gulyás László |
| 260 | |c 2018 | ||
| 300 | |a 9 | ||
| 490 | 0 | |a Közép-európai Monográfiák |v 21 | |
| 490 | 0 | |a Magyarok a Kárpát-medencében 3. : migráció |v 21 | |
| 650 | 4 | |a Társadalomtudományok | |
| 650 | 4 | |a Szociológia | |
| 650 | 4 | |a Bölcsészettudományok | |
| 650 | 4 | |a Történettudomány és régészet | |
| 695 | |a Magyarország története - 19-20. sz. - előszó, Magyarságkutatás - előszó, Regionális politika - Európai Unió - előszó | ||
| 710 | |a Magyarok a Kárpát-medencében : tudományos nemzetközi konferencia (3.) (2017) (Ópusztaszer) | ||
| 856 | 4 | 0 | |u http://acta.bibl.u-szeged.hu/73219/1/kek_mono_021_009.pdf |z Dokumentum-elérés |